=LDR 00000nam 2200000 4500 =001 INLIS000000000019576 =005 20130612114623 =008 ***********************************Ind** =035 ##$$0010-061300000019576 =041 ##$$a Ind =082 ##$$a 624.15 =090 ##$$a 624.15, Har m =100 ##$$a Hardiyatmo, Hary Chistady =245 ##$$a Mekanika tanah, Hari Christady Hardiyatmo =260 ##$$a 1992 $b Jakarta =300 ##$$a ...jil, 23 cm =650 ##$$a Mekanika Tanah =850 ##$$a NBPNMAT